| 000 | 01685nam0a22003731 4500 | ||
|---|---|---|---|
| 001 | rc\2281090 | ||
| 005 | 20260407015721.0 | ||
| 035 | _a(NLR Aleph) 006560386 | ||
| 090 |
_a6837066 _c6837066 |
||
| 100 | _a20110829d1977 |||y0rusy50 ca | ||
| 101 | 0 | _arus | |
| 102 | _aRU | ||
| 105 | _aa z ||||| | ||
| 200 | 1 |
_aМагматические формации и фации Узбекистана _f[И.Х. Хамрабаев, Т.Н. Далимов, В.И. Айзенштат и др. _gОтв. ред. канд. геол.-минерал. наук О. Кушмурадов] _gАН УзССР, Ин-т геологии и геофизики им. Х.М. Абдуллаева |
|
| 210 |
_aТашкент _cФан _d1977 |
||
| 215 |
_a336 с. _cил. _d22 |
||
| 320 | _aСписок лит.: с. 326-334 | ||
| 606 |
_aФации вулканогенные _yУзССР _2psbo |
||
| 606 |
_aГеологические формации, вулканогенные _yУзССР _2psbo |
||
| 686 |
_aД9(2574)342,07 _2rubbk |
||
| 686 |
_aД342-06,07 _2rubbk |
||
| 701 | 1 |
_aАйзенштат _bВ.И. |
|
| 701 | 1 |
_4070 _7ca _8rus _aХамрабаев _bИ. Х. _f1920-2002 _gИбрагим Хамрабаевич _9267356 _3RU\NLR\AUTH\770267412 |
|
| 701 | 1 |
_aДалимов _bТ.Н. |
|
| 702 | 1 |
_aКушмурадов _bО.Т. _4340 |
|
| 712 | 0 | 2 |
_aИнститут геологии и геофизики им. Х. М. Абдуллаева _cТашкент _3RU\NLR\AUTH\8810004289 _9505877 |
| 801 | 0 |
_aRU _bNLR _gpsbo |
|
| 801 | 1 |
_aRU _bELAR _2rusmarc |
|
| 852 |
_aNLR _j77-5/5693 |
||
| 899 |
_aRuMoRGB _jБ 77-9/862 |
||
| 899 |
_aRuMoRGB _jБ 77-9/863 |
||
| 942 | _cBOOK | ||
| 980 | _aNB | ||